Estatísticas para Países que começam com T

Clique aqui para jogar o quiz

Estatísticas Gerais

  • Esse quiz foi jogado 50 vezes
  • A pontuação média é 10 de 12

Estatísticas das Respostas

Resposta% Correto
Turquia
100%
Tunísia
96%
Tailândia
94%
Turquemenistão
90%
Togo
85%
Tonga
81%
Tuvalu
81%
Tanzânia
79%
Tajiquistão
77%
Timor Leste
77%
Taiwan
69%
Trindade e Tobago
56%

Distribuição das Pontuações

Percentil de Números Respondidos

Porcentagem de Pessoas com Cada Pontuação

Sua Pontuação Histórica

Você não jogou esse quiz